|
|
|
|
| LEADER |
00706nab a2200193 i 4500 |
| 001 |
publ18227 |
| 005 |
20200212110832.0 |
| 008 |
200212s2013 hu o 0|| zxx d |
| 022 |
|
|
|a 1584-2665
|
| 024 |
7 |
|
|a 2354715
|2 mtmt
|
| 040 |
|
|
|a SZTE Publicatio Repozitórium
|b hun
|
| 041 |
|
|
|a zxx
|
| 100 |
1 |
|
|a Nagy Valéria
|
| 245 |
1 |
0 |
|a Tests of Diesel fuels in the engine testing room
|h [elektronikus dokumentum] /
|c Nagy Valéria
|
| 260 |
|
|
|c 2013
|
| 300 |
|
|
|a 193-196
|
| 490 |
0 |
|
|a ANNALS OF FACULTY OF ENGINEERING HUNEDOARA - INTERNATIONAL JOURNAL OF ENGINEERING
|v 11 No. 4
|
| 700 |
0 |
1 |
|a Farkas Ferenc
|e aut
|
| 856 |
4 |
0 |
|u http://publicatio.bibl.u-szeged.hu/18227/1/Nagy_Farkas_TestsofANNALS-2013-4-31.pdf
|z Dokumentum-elérés
|